Súťažná politika v Slovenskej republike a jej základné princípy

Salvato in:
Dettagli Bibliografici
Autore principale: Tokárová, Mária
Natura: Capitolo di libro
Lingua:slovacco
Soggetti:
Tags: Aggiungi Tag
Nessun Tag, puoi essere il primo ad aggiungerne!!

MARC

LEADER 00000naa$a2200000$$$4500
001 0050746
005 20240502071602.9
041 0 |a slo 
044 |a SK 
245 1 0 |a Súťažná politika v Slovenskej republike a jej základné princípy  |c Mária Tokárová 
610 2 0 |a rast hospodársky dlhodobý 
610 2 0 |a konkurencieschopnosť 
610 2 0 |a trh 
610 2 0 |a politika hospodárska 
610 2 0 |a koncentrácia 
610 2 0 |a dohody 
610 2 0 |a súťaž hospodárska 
100 1 |a Tokárová, Mária